header

Explaining altruism (Record no. 37278)

MARC details
000 -LEADER
fixed length control field 01232nam a2200313 a 4500
100 1# - MAIN ENTRY--AUTHOR NAME
Personal name Arnold, Eckhart.
245 10 - TITLE STATEMENT
Title Explaining altruism
260 ## - PUBLICATION, DISTRIBUTION, ETC. (IMPRINT)
Place of publication Frankfurt :
Name of publisher Ontos Verlag,
Year of publication 2008.
300 ## - PHYSICAL DESCRIPTION
Number of Pages 310 p. :
Other physical details ill.
650 #0 - SUBJECT ADDED ENTRY--TOPICAL TERM
Topical Term Altruism
Topical Term Cooperativeness
856 40 - ELECTRONIC LOCATION AND ACCESS
Uniform Resource Identifier http://site.ebrary.com/lib/rucke/Doc?id=10728674

No items available.

© 2026 Rongo University
Contact us: librarian | system librarian | Rongo university